Polscy Święci - Nagła Śmierć - Statystyki

Ogólne statystyki
  • Ten quiz został rozwiązany 48 razy
  • Średni wynik to 6 z 18
Answers on the Grid
Answers color-coded by a green-red scale on the quiz's grid according to % correct below.
Adam Chmielowski
Andrzej Bobola
Augustyn z Hippony
Benedykt z Nursji
Cyryl
Faustyna Kowalska
Franciszek z Asyżu
Jacek Odrowąż
Jadwiga Andegaweńska
Jadwiga Śląska
Jan Nepomucen
Jan Paweł II
Jan z Kęt
Jozafat Kuncewicz
Kazimierz III Wielki
Kazimierz Jagiellończyk
Krzysztof
Maksymilian Maria Kolbe
Melchior Grodziecki
Mikołaj z Miry
Olga Kijowska
Rafał Kalinowski
Stanisław Kostka
Stanisław Papczyński
Stanisław ze Szczepanowa
Stefan Wincenty Frelichowski
Szymon z Lipnicy
Teresa Benedykta od Krzyża
Tomasz z Akwinu
Urszula Ledóchowska
Wacław I Święty
Wojciech Sławnikowic
Zygmunt Szczęsny Feliński
 
Statystyki odpowiedzi
Odpowiedź % Poprawnych
Jan Paweł II
71%
Faustyna Kowalska
64%
Andrzej Bobola
61%
Maksymilian Maria Kolbe
54%
Stanisław Kostka
50%
Jadwiga Andegaweńska
46%
Jadwiga Śląska
46%
Stanisław ze Szczepanowa
36%
Adam Chmielowski
32%
Kazimierz Jagiellończyk
25%
Urszula Ledóchowska
21%
Jan z Kęt
18%
Jacek Odrowąż
11%
Rafał Kalinowski
11%
Melchior Grodziecki
7%
Stanisław Papczyński
7%
Szymon z Lipnicy
7%
Zygmunt Szczęsny Feliński
4%
Nie znaleziono quizów pasujących do podanych kryteriów
Rozkład punktacji
Procent ludzi z każdym wynikiem
Percentyl według liczby udzielonych odpowiedzi
Twoja historia wyników
Nie rozwiązałeś tego quizu